000 00655nam a2200217 a 4500
005 20240920063721.0
008 010522s1999 es r 000 0 spa d
020 _a8478842012
035 _aUPN01000106658
049 _aCG
050 4 _aLC5215
_bJ8.4 1999
100 1 _aJover, Daniel
_937866
245 1 3 _aLa formación ocupacional :
_bpara la inserción, la educación permanente y el desarrollo local /
_cDaniel Jover.
250 _a3a ed.
260 _aMadrid :
_bPopular,
_c1999.
300 _a247 p.
440 0 _aEducación y empleo
650 4 _aEducación para el trabajo
_918693
650 4 _aEducación permanente
_97280
905 _aLibro
999 _c80570
_d80570